000 00683nam a2200229Ii 4500
003 JO-AjNU
008 230606s9999||||xx |||||||||||||| ||und||
020 _a0-415-13492-7 / 978-0-415-13492-7
040 _aJO-AjNU
_beng
_erda
_cJO-AjNU
041 _aeng
050 1 4 _aHQ1075 .G59 2009
100 3 _a Glover, David/ Kaplan,Cora,
_eauthor
_946
245 0 0 _aGenders
250 _a1 ed
264 3 1 _aLondon ; New York: Routledge,2009
300 _a177p
_bIncludes bibliographical and indexes (p161-177)
336 _atext
_btxt
_2rdacontent
337 _aunmediated
_bn
_2rdamedia
338 _avolume
_bnc
_2rdacarrier
490 0 _aThe new critical idiom
650 4 _aGenders
_947
999 _aE27
_c27
_d27